000 00752nam a2200229Ii 4500
003 JO-AjNU
008 230605s9999||||xx |||||||||||||| ||und||
017 _a2014/3/1396
020 _a978-9957-597-05-4
040 _aJO-AjNU
_bara
_erda
_cJO-AjNU
041 _aara
050 1 4 _aPJ7960.A22 2015
100 3 _aربابعة، شفيق أحمد,
_eauthor
_951753
245 0 0 _aالوقائع والبدائع
250 _aالطبعة العربية
264 3 1 _aعمان: دار امجد للنشر والتوزيع، 2015
300 _a162ص
336 _atext
_btxt
_2rdacontent
337 _aunmediated
_bn
_2rdamedia
338 _avolume
_bnc
_2rdacarrier
650 4 _aالعصر الحديث - الشعر العربي الحديث
_951754
999 _aA22885
_c26453
_d26453